Datum a čas kvízu
25
Celkem bodů
Celkový počet nahraných bodů na tomto kvízu bez doplňovacích otázek.
8.
Pořadí na kvízu
Konečné umístění týmu na tomto kvízu.
Zaznamenané odpovědi
| # | Otázka | Odpověď | Body | Výsledky |
|---|---|---|---|---|
| 1. | Ministr průmyslu a obchodu Kar... | Ministerstvo hospodářství | 0 | |
| 2. | Obyvatelé Kirkwallu na skotské... | B | 1 | |
| 3. | Na festivalu CinemaCon bylo oz... | Jamie Dornan | 0 | |
| 4. | Minulý týden oznámil jistý dis... | Lidl | 0 | |
| 5. | Poprvé v historii se v NHL pod... | D) Získali v základní části 100 kanadských bodů. | 1 | |
| 6. | Vítězné téma FB hlasování zahá... | Luděk Marold, bitva u Lipan | 0 | |
| 7. | Přiřaďte jednotlivá města k je... | 1B 2D 3A 4C | 1 | |
| 8. | „Co až budeme nahoře, to teprv... | Homolka a tobolka; Marie Motlová | 1 | |
| 9. | Panorama je služba webové strá... | na Pradědu | 1 | |
| 10. | Na závěr si dáme noční pohled... | Řím | 1 |